000 02407cam a22004937a 4500
003 CHAP
005 20220329140751.0
008 971013s ar r 00010 spa d
010 _a57289
011 _a58261
035 _a62416
040 _cCHAP
082 0 4 _a658
_bS5Y
110 2 _aSmall Business Administration
_9106907
245 1 0 _aAdministración de la pequeña empresa
260 _aBuenos Aires :
_bCodex,
_c[s. a.]
300 _a20 v.
490 0 _aPrograma del curso de dirección administrativa
505 0 _aContenido : v.1 Factores de éxito y fracaso en la pequeña empresa. -- v.2 Libros, registros y crédito en la buena dirección. -- v.3 La dirección de ventas. -- v.4 La contabilidad, su importancia y utilidad. -- v.5 Financiación a corto y largo plazo
590 _aBATCH-UPD
_b10
_c20130110
_lUCH01
_h0806
590 _aBATCH-UPD
_b10
_c20130410
_lUCH01
_h0444
590 _aBATCH-UPD
_b10
_c20130913
_lUCH01
_h1944
590 _aCONVERSION
_b10
_c20130109
_lUCH01
_h1331
650 1 4 _aAdministración de empresas.
_9922
830 0 _aPrograma del curso de dirección administrativa
_992316
901 _aBK
942 _cLIBRO
949 _a658 S5Y
_bBC
_cLIBRO
_d-133877
_eLIBRO
_fv.5
_h43431
_i62416
_si
949 _a658 S5Y
_bBC
_cLIBRO
_d-133880
_eLIBRO
_fv.8
_h43434
_i62416
_si
949 _a658 S5Y
_bBC
_cLIBRO
_d-133881
_eLIBRO
_fv.9
_h43435
_i62416
_si
949 _a658 S5Y
_bBC
_cLIBRO
_d-133887
_eLIBRO
_fv.15
_h43441
_i62416
_si
949 _a658 S5Y
_bBC
_cLIBRO
_d-133888
_eLIBRO
_fv.16
_h43442
_i62416
_si
949 _a658 S5Y
_bBC
_cLIBRO
_d-133890
_eLIBRO
_fv.18
_h43444
_i62416
_si
949 _a658 S5Y
_bBC
_cLIBRO
_d33724000127734
_eLIBRO
_fv.6
_h43432
_i62416
_si
949 _a658 S5Y
_bBC
_cLIBRO
_d33724000127742
_eLIBRO
_fv.13
_h43439
_i62416
_si
949 _a658 S5Y
_bBC
_cLIBRO
_d33724000127767
_eLIBRO
_fv.11
_h43437
_i62416
_si
949 _a658 S5Y
_bBC
_cLIBRO
_d33724000127775
_eLIBRO
_fv.7
_h43433
_i62416
_si
949 _a658 S5Y
_bBC
_cLIBRO
_d33724000127783
_eLIBRO
_fv.12
_h43438
_i62416
_si
949 _a658 S5Y
_bBC
_cLIBRO
_d33724000127791
_eLIBRO
_fv.20 c.2
_h43447
_i62416
_si
949 _a658 S5Y
_bBC
_cLIBRO
_d33724000127809
_eLIBRO
_fv.17
_h43443
_i62416
_si
949 _a658 S5Y
_bBC
_cLIBRO
_d33724000127874
_eLIBRO
_fv.4
_h43430
_i62416
_si
949 _a658 S5Y
_bBC
_cLIBRO
_d33724000660593
_eLIBRO
_fv.14
_h43440
_i62416
_si
949 _a658 S5Y
_bBC
_cLIBRO
_d33724000713426
_eLIBRO
_fv.10
_h43436
_i62416
_si
999 _c57289
_d57289